00994cam a22002774a 45000010009000000050017000090080041000260100017000670200018000840200015001020200025001170200022001420400018001640420008001820500021001901000018002112450041002292600050002703000032003205000020003525050038003726500026004108560083004368560091005198560106006101397123620181015152320.0050517s2006 enka 001 0 eng  a 2005014332 a9780521854313 a0521854318 a9780521670258 (pbk.) a052167025X (pbk.) aDLCcDLCdDLC apcc00aBC 177 .V59 20061 aVorobej, Mark12aA theory of argument/cMark Vorobej. aNew York:bCambridge University Press,c2006. ax, 324 p. :bill. ;c24 cm. aIncludes index.0 aMacrostructure -- Microstructure. 0aReasoningvTextbooks.413Table of contents onlyuhttp://www.loc.gov/catdir/toc/ecip0513/2005014332.html423Publisher descriptionuhttp://www.loc.gov/catdir/enhancements/fy0633/2005014332-d.html423Contributor biographical informationuhttp://www.loc.gov/catdir/enhancements/fy0733/2005014332-b.html